| 000 | 00652nam a2200181Ia 4500 | ||
|---|---|---|---|
| 003 | GCL | ||
| 008 | 140319s9999 xx 000 0 ara d | ||
| 040 |
_aGCL / _cGCL |
||
| 082 | 0 | 4 |
_a921.1 _bع ا |
| 100 | 1 | _aعمر فاروق الطبع | |
| 245 | 1 | 0 |
_aابن خلدون فى سمية وفلسفة التاريخية والاجتماعية / _cعمر فاروق الطبع |
| 260 |
_a[S.N] : _bمؤسسة المعارف للطباعة والنشر ، _c1992 |
||
| 300 | _a152 | ||
| 490 |
_aالمشاهير من علماء العرب والاسلام _v0 |
||
| 650 | 0 | 4 | _aابن خلدون |
| 650 | 0 | 4 | _aالعلماء العرب |
| 942 |
_2ddc _cBK |
||
| 999 |
_c54692 _d54692 |
||